Penn State Football Records - Statistics

General Stats
  • This quiz has been taken 5 times
  • The average score is 7 of 10
Answer Stats
Hint Answer % Correct
Penn State Coach with most wins Hint: 409 Joe Paterno
100%
Most Rushing Yards Career Hint: 4,180 Kaytron Allen
100%
Most Rushing Touchdowns Career Hint: 45 Nicholas Singleton
100%
Most Passing Touchdowns Career Hint: 86 Sean Clifford
100%
Most Passing Yards Career Hint: 10,661 Sean Clifford
100%
Most Field Goals Career Hint:78 Kevin Kelly
67%
Most Interceptions Career Hint: 19 Neal Smith
67%
Most Receiving Touchdowns Career Hint:31 Bobby Engram
33%
Most Receiving Yards Career Hint: 3,026 Bobby Engram
33%
Most Tackles Career Hint: 419 Dan Connor
33%
No matching quizzes found
Score Distribution
Percent of People with Each Score
Percentile by Number Answered
Your Score History
You have not taken this quiz